000
00328nam a22001457a 4500
003
OSt
008
231026b |||||||| |||| 00| 0 eng d
041
_a
hin
082
_a
891.54
_b
ISH/GA
100
_a
Khandewal, Ishwarachandra
_9
5535
245
_a
Gady udyan
260
_a
Delhi
_b
Sikhsa Bharathi
300
_a
100
942
_c
BK
999
_c
17751
_d
17751